000 00637nam a22002177a 4500
003 UA-OsUOA
001 38323
007 ta
008 20060504b un ||||| |||| 00| 0 ukr d
100 _aБабій М.
090 _a2
_bБ11
942 _cSA
040 _aUA-OsUOA
_bukr
_cUA-OsUOA
_dUA-OsUOA
245 _aПринцип свободи совісті у сфері державної освіти: умови реалізації
300 _a49-53 с.
955 _a0
041 _aukr
080 _a2
773 0 _w38321
_tРелігійна панорама
_dК.
_d2006
_g3
650 7 _a2 Релігія. Теологія.
_2UDC
999 _c324488
_d324488